| 000 | 00436nam a2200169Ia 4500 | ||
|---|---|---|---|
| 003 | LK-CoDNM | ||
| 008 | 010623t1940 xxu||||| |||| 00| 1 eng d | ||
| 040 |
_aLK-CoDNM _dLK-CoDNM _eLK-CoDNM |
||
| 041 | _aeng | ||
| 080 | _a22 S.14 | ||
| 100 |
_aLaw,Bimala Churn _eed. |
||
| 245 | _aD.R.Bhandarkar Volume | ||
| 260 |
_bIndian Resarch Institute _aCalcutta _c1940 |
||
| 300 | _bxxx,382p.pl, 22 cm | ||
| 650 | _aIndian History | ||
| 942 | _cBK | ||
| 999 |
_c99567 _d99567 |
||